| 000 | 01269nam a22003737a 4500 | ||
|---|---|---|---|
| 003 | CHAP | ||
| 005 | 20220817041020.0 | ||
| 008 | 971013s1984 r 00010 d | ||
| 010 | _a4588 | ||
| 011 | _a5560 | ||
| 035 | _a4774 | ||
| 040 | _cCHAP | ||
| 090 | _aFolleto 13112 | ||
| 100 | 0 | 0 |
_aDevendra, C. _932305 |
| 245 | _aEfficient feeding systems and nutrient requirements ofgoats for meat and milk production in Asia and the Pacific | ||
| 260 |
_aTaipei, Taiwan : _bFood and fertilizer Technology Center, _c1984 |
||
| 300 |
_a30 p. _b: gráfs |
||
| 490 |
_aExtension bulletín _v; 205 |
||
| 500 | _a53-438 | ||
| 590 |
_aBATCH-UPD _b10 _c20130110 _lUCH01 _h0116 |
||
| 590 |
_aBATCH-UPD _b10 _c20130110 _lUCH01 _h1634 |
||
| 590 |
_aBATCH-UPD _b10 _c20130410 _lUCH01 _h1025 |
||
| 590 |
_aBATCH-UPD _b10 _c20130914 _lUCH01 _h0848 |
||
| 590 |
_aCONVERSION _b10 _c20130109 _lUCH01 _h1304 |
||
| 650 | 1 | 4 |
_aCarne de cabra. _919129 |
| 650 | 1 | 4 |
_aGanado cabrío _xAlimentación. _944990 |
| 650 | 1 | 4 |
_aGanado cabrío _xNutrición. _945030 |
| 650 | 1 | 4 |
_aGanado de carne _xAlimentación. _945068 |
| 650 | 1 | 4 |
_aLeche de cabra _xProducción. _965427 |
| 830 | 0 |
_aExtension bulletin _v; 205 |
|
| 901 | _aBK | ||
| 942 | _cFOLL | ||
| 949 |
_aFolleto 13112 _bBC _cFOLL _d-14321 _eTS1 _i4774 _si |
||
| 999 |
_c4588 _d4588 |
||